राजा का ईनाम / (Record no. 207847)

MARC details
000 -LEADER
fixed length control field 00912nam a22001937a 4500
005 - DATE AND TIME OF LATEST TRANSACTION
control field 20241220104036.0
010 ## - LCCN (DPL NO)
LC control number B-761495
020 ## - INTERNATIONAL STANDARD BOOK NUMBER
International Standard Book Number 9789392734014
Terms of availability 350.00
035 ## - SYSTEM CONTROL NUMBER
System control number B-761495
037 ## - SOURCE OF ACQUISITION
Source of stock number/acquisition उपहार
082 ## - DEWEY DECIMAL CLASSIFICATION NUMBER
Classification number
100 ## - MAIN ENTRY--PERSONAL NAME
Personal name भटनागर,ज्ञानेन्द्र कुमार
245 ## - TITLE STATEMENT
Title राजा का ईनाम /
Statement of responsibility, etc ज्ञानेन्द्र कुमार भटनागर
260 ## - PUBLICATION, DISTRIBUTION, ETC. (IMPRINT)
Place of publication, distribution, etc नई दिल्ली
Name of publisher, distributor, etc सुयोग्य प्रकाशन
Date of publication, distribution, etc 2022
270 ## - ADDRESS
Address डब्ल्यू-112,ग्रेटर कैलाश-1फर्स्ट फलोर
City ऩई दिल्ली
Postal code 110048
300 ## - PHYSICAL DESCRIPTION
Extent 64पृ. :
Dimensions 24सेमी(सजिल्द)
Other physical details सचित्र
942 ## - ADDED ENTRY ELEMENTS (KOHA)
Source of classification or shelving scheme Dewey Decimal Classification
Item type Children Books
Classification part
Call number suffix भटना
Holdings
Withdrawn status Lost status Not for loan Collection code Home library Current library Date acquired Source of acquisition Cost, normal purchase price Full call number Barcode Copy number Cost, replacement price Koha item type Public note
      Fiction Central Library Central Library 20/12/2024 उपहार /18/12/2024 350.00 क भटना B-761495 1 350.00 Children Books उपहार

© Delhi Public Library
Hit Counter
free hit counter